Catálogo

DERECHO PROCESAL CIVIL (Registro nro. 7817)

Detalles MARC
000 -LEADER
fixed length control field 00457nam a2200181 a 4500
001 - CONTROL NUMBER
control field 7817
005 - DATE AND TIME OF LATEST TRANSACTION
control field 20180713191722.0
008 - FIXED-LENGTH DATA ELEMENTS--GENERAL INFORMATION
fixed length control field 140415s1991 000 0 spa d
041 ## - LANGUAGE CODE
Language code of text/sound track or separate title spa
082 ## - DEWEY DECIMAL CLASSIFICATION NUMBER
Classification number 346
Item number OVA
100 1# - MAIN ENTRY--PERSONAL NAME
Personal name Ovalle Favela, José,.
245 10 - TITLE STATEMENT
Title DERECHO PROCESAL CIVIL
250 ## - EDITION STATEMENT
Edition statement 4a ed.
260 ## - PUBLICATION, DISTRIBUTION, ETC.
Place of publication, distribution, etc. [s.l.] :
Name of publisher, distributor, etc. HARLA,
Date of publication, distribution, etc. 1991
300 ## - PHYSICAL DESCRIPTION
Extent 459
490 ## - SERIES STATEMENT
Series statement TEXTOS JURIDICOS UNIVERSITARIOS
650 14 - SUBJECT ADDED ENTRY--TOPICAL TERM
Topical term or geographic name entry element DERECHO CIVIL
Existencias
Withdrawn status Lost status Source of classification or shelving scheme Damaged status Not for loan Home library Current library Shelving location Date acquired Source of acquisition Total Checkouts Full call number Barcode Price effective from Koha item type Collection code Inventory number Date last seen Date last checked out
  No inventariado Dewey Decimal Classification     Biblioteca Karol Wojtyla Biblioteca Karol Wojtyla   03/12/2013 Compra   346 OVA 21009 03/12/2013 Libro        
    Dewey Decimal Classification     Biblioteca Karol Wojtyla Biblioteca Karol Wojtyla Sala general 03/12/2013 Compra   346 OVA 21489 03/12/2013 Libro General 151000000000000000046148 05/01/2026 01/12/2016